| 000 | 01942cam a22002655a 4500 | ||
|---|---|---|---|
| 001 | L140303 | ||
| 008 | 070917s2007 xxko f 000 0 eng d | ||
| 020 | _a9781906384005 | ||
| 035 | _a(Sirsi) u140303 | ||
| 041 | 0 | _aeng | |
| 050 | 0 | 4 | _a333.72 $2 18 |
| 110 | 2 |
_aPrince's Foundation for the Built Environment _95350 |
|
| 245 | 0 | 0 |
_aValuing sustainable urbanism _ba report measuring and valuing new approaches to residentially led mixed use growth _h[electronic resource] |
| 260 |
_aLondon _bPrince's Foundation _c2007 |
||
| 300 |
_a123p. _bcol. ill. _c30cm. |
||
| 505 | 2 | _aIntroduction -- Savills Report: introduction and methodology; the results for Fairford Leys, Aylesbury; the results for Poundbury, Dorchester; the results for Crown Street, Glasgow; summary of the research results -- Social benefits of good urban design: environments, energy and climate change; crime; health; creating inclusive, cohesive, stable communities: mixed tenure; economics and mixed use; conclusion -- Appendices | |
| 520 | _aPresents the case for sustainable urbanism, demonstrating to property investors, developers and landowners that sustainable development can be commercially viable. Three exemplar case studies incorporating principles of sustainable urbanism are identified and compared with traditional and conventional development schemes in terms of the value of each scheme. Reveals that building to include many of the features of sustainable urbanism can improve total development value. Also examines the social case for designing developments in accordance with sustainable principles. | ||
| 590 | _aKA NTK | ||
| 651 | 4 |
_aUnited Kingdom _y |
|
| 690 | _aPROPERTY-PROPERTY DEVELOPMENT-SUSTAINABLE PROPERTY DEVELOPMENT | ||
| 710 | 2 |
_aSavills _92020 |
|
| 710 | s |
_aEnglish Partnerships _91764 |
|
| 856 | 4 | 0 |
_uhttps://www.princes-foundation.org/index.php?id=8 _zView the report free of charge at www.princes-foundation.org... |
| 942 | _n0 | ||
| 999 |
_c107477 _d107477 |
||